[Event "Regency Masters"]
[Site "Ramsgate"]
[Date "1982.12.09"]
[Round "6.10"]
[White "Flear, Glenn C"]
[Black "Morrison, Chris"]
[Result "1-0"]
[WhiteElo "2365"]
[BlackElo "2200"]
[PlyCount "80"]
[EventDate "1982.12.04"]
[EventType "swiss"]
[EventRounds "9"]
[EventCountry "ENG"]
[SourceTitle "BritBase"]
[Source "John Saunders"]
[SourceDate "2021.10.06"]
[SourceVersion "1"]
[SourceVersionDate "2021.10.06"]
[SourceQuality "1"]

1. d4 Nf6 2. c4 c5 3. d5 e5 4. Nc3 d6 5. e4 Be7 6. Nf3 Nbd7 7. Bd3 Nf8 8. h3 h5
9. g3 N6h7 {('Nfh7' given in the bulletin! It's not certain which of the
knights went to h7.)} 10. Bc2 h4 11. Ba4+ Bd7 12. Be3 hxg3 13. fxg3 Bxa4 14.
Qxa4+ Nd7 15. Qc2 Bg5 16. Nxg5 Nxg5 17. Qg2 a6 18. a4 Nh7 19. Qf3 Qb6 20. O-O
Nhf6 21. Qg2 Qd8 22. a5 {(d5' in the bulletin)} Rh7 23. g4 Ng8 24. g5 Nf8 25.
Na4 Rc8 26. Nb6 Rc7 27. Rac1 g6 28. Qg4 Nd7 29. b4 cxb4 30. Rb1 Nc5 31. Rxb4
Qe7 32. h4 Qd8 33. Kg2 Qe7 34. Na8 Rd7 35. Bxc5 dxc5 36. Rxb7 Rxb7 37. Qc8+ Qd8
38. Qxb7 Qd7 39. Nc7+ Kf8 40. Ne6+ Ke8 1-0

[Event "Regency Masters"]
[Site "Ramsgate"]
[Date "1982.12.09"]
[Round "6.12"]
[White "Trois, Francisco R Torres"]
[Black "Binham, Timothy F"]
[Result "1/2-1/2"]
[WhiteElo "2410"]
[BlackElo "2345"]
[PlyCount "46"]
[EventDate "1982.12.04"]
[EventType "swiss"]
[EventRounds "9"]
[EventCountry "ENG"]
[SourceTitle "BritBase"]
[Source "John Saunders"]
[SourceDate "2021.10.06"]
[SourceVersion "1"]
[SourceVersionDate "2021.10.06"]
[SourceQuality "1"]

1. c4 e5 2. e3 Nf6 3. Nc3 Bb4 4. Nge2 O-O 5. a3 Bxc3 6. Nxc3 d5 7. cxd5 Nxd5 8.
d3 Re8 9. Bd2 Nc6 10. Be2 Nxc3 11. bxc3 Qg5 {('Qa5' bulletin)} 12. g3 Bh3 13.
Rb1 b6 14. Qa4 Na5 15. Qh4 Qxh4 16. gxh4 e4 17. d4 Be6 18. Rb4 Rad8 19. c4 c5
20. dxc5 bxc5 21. Rb5 Nxc4 22. Bxc4 Bxc4 23. Rxc5 Rc8 1/2-1/2

[Event "Regency Masters"]
[Site "Ramsgate"]
[Date "1982.12.10"]
[Round "7.2"]
[White "Kuijf, Marinus"]
[Black "Nunn, John DM"]
[Result "0-1"]
[WhiteElo "2370"]
[BlackElo "2565"]
[PlyCount "123"]
[EventDate "1982.12.04"]
[EventType "swiss"]
[EventRounds "9"]
[EventCountry "ENG"]
[SourceTitle "BritBase"]
[Source "John Saunders"]
[SourceDate "2021.10.06"]
[SourceVersion "1"]
[SourceVersionDate "2021.10.06"]
[SourceQuality "1"]

1. e4 c5 2. Ne2 Nf6 3. Nbc3 d6 4. g3 Nc6 5. Bg2 g6 6. O-O Bg7 7. d3 Bd7 8. h3
Qc8 9. Kh2 h5 10. Nf4 g5 11. Nfd5 g4 12. h4 Nxd5 13. Nxd5 e6 14. Ne3 Qd8 15.
Nc4 Qe7 16. Bg5 f6 17. Be3 b5 18. Nd2 Ne5 19. Qe2 Bh6 20. c3 Bxe3 21. Qxe3 Nc6
22. d4 cxd4 23. cxd4 e5 24. Nb3 exd4 25. Nxd4 Nxd4 26. Qxd4 Qe5 27. Rad1 Ke7
28. Qe3 Be6 29. Rd2 Rhc8 30. Rfd1 Rc6 31. b3 a6 32. Rd5 Bxd5 33. Rxd5 Qc3 34.
Qh6 Rf8 35. Qxh5 Qc2 36. Rf5 Qd1 37. Rf4 Rf7 38. Rxg4 Rc2 39. Qf5 Rxf2 40. Qc8
Rc2 41. Qb7+ Ke6 42. Qd5+ Qxd5 43. exd5+ Kd7 44. Kh3 Rxa2 45. Rg8 a5 46. Bf1 b4
47. Bb5+ Kc7 48. h5 Rh7 49. Be8 a4 50. bxa4 b3 51. Rg4 b2 52. Rb4 Re7 53. Bg6
Re2 54. Kg4 Rh2 55. Kf3 Ra3+ 56. Kg4 Rg2 57. Kf4 Raxg3 58. Rb5 Rg4+ 59. Kf5 Rh4
60. Ke6 Rxa4 61. Kf7 Rh4 62. Kxf6 0-1

[Event "Regency Masters"]
[Site "Ramsgate"]
[Date "1982.12.10"]
[Round "7.3"]
[White "Hebden, Mark L"]
[Black "Britton, Richard"]
[Result "1-0"]
[WhiteElo "2415"]
[BlackElo "2320"]
[PlyCount "57"]
[EventDate "1982.12.04"]
[EventType "swiss"]
[EventRounds "9"]
[EventCountry "ENG"]
[SourceTitle "BritBase"]
[Source "John Saunders"]
[SourceDate "2021.10.06"]
[SourceVersion "1"]
[SourceVersionDate "2021.10.06"]
[SourceQuality "1"]

1. e4 c5 2. f4 d5 3. exd5 Qxd5 4. Nc3 Qd8 5. Nf3 Nf6 6. Ne5 e6 7. b3 Be7 8. Bb2
O-O 9. Qf3 Nbd7 10. Bd3 Nb6 11. O-O-O Nbd5 12. g4 Nb4 13. Be2 Nd7 14. g5 Nxe5
15. fxe5 Bd7 16. Rhg1 Bc6 17. Qh5 g6 18. Qh4 Re8 19. Rdf1 Bf8 20. a3 a5 21.
Rxf7 Bg7 22. Rgf1 Bg2 23. axb4 Bxf1 24. Rxf1 axb4 25. Ne4 h5 26. Nf6+ Bxf6 27.
gxf6 Kf7 28. Bxh5 Rh8 29. Bxg6+ 1-0

[Event "Regency Masters"]
[Site "Ramsgate"]
[Date "1982.12.10"]
[Round "7.7"]
[White "Van Mil, Johan"]
[Black "Manouck, Thierry"]
[Result "1-0"]
[WhiteElo "2315"]
[BlackElo "2385"]
[PlyCount "83"]
[EventDate "1982.12.04"]
[EventType "swiss"]
[EventRounds "9"]
[EventCountry "ENG"]
[SourceTitle "BritBase"]
[Source "John Saunders"]
[SourceDate "2021.10.06"]
[SourceVersion "1"]
[SourceVersionDate "2021.10.06"]
[SourceQuality "1"]

1. e4 g6 2. d4 Bg7 3. Nc3 c6 4. Nf3 d6 5. a4 Nd7 6. Be3 Ngf6 7. Nd2 O-O 8. Be2
Qc7 9. O-O Rd8 10. f4 d5 11. e5 Ne8 12. Qe1 f6 13. h4 Bh6 14. Qf2 f5 15. g4
fxg4 16. f5 Bxe3 17. Qxe3 Nxe5 18. dxe5 Bxf5 19. Nb3 Ng7 20. Nd4 e6 21. b4 Qe7
22. Rab1 Qxh4 23. Kg2 h5 24. a5 Rac8 25. Qg3 Qxg3+ 26. Kxg3 c5 27. bxc5 Rxc5
28. Ncb5 {('Nb5' in bulletin)} a6 29. Nd6 Rxa5 30. Rxb7 Rf8 31. Kh4 Ra4 32. c3
Ne8 33. Re7 Nxd6 34. exd6 Rd8 35. Nxf5 exf5 36. Rb1 Re4 37. Rc7 Rxe2 38. Rbb7
Re6 39. Rg7+ Kf8 40. Rbf7+ Ke8 41. d7+ Rxd7 42. Rxd7 1-0

[Event "Regency Masters"]
[Site "Ramsgate"]
[Date "1982.12.10"]
[Round "7.11"]
[White "Pagden, Michael Ashley"]
[Black "Carlier, Bruno"]
[Result "0-1"]
[WhiteElo "2300"]
[BlackElo "2255"]
[PlyCount "92"]
[EventDate "1982.12.04"]
[EventType "swiss"]
[EventRounds "9"]
[EventCountry "ENG"]
[SourceTitle "BritBase"]
[Source "John Saunders"]
[SourceDate "2021.10.06"]
[SourceVersion "1"]
[SourceVersionDate "2021.10.06"]
[SourceQuality "1"]

1. e4 c5 2. Nf3 e6 3. d3 d5 4. Nbd2 Nc6 5. g3 Nf6 6. Bg2 Be7 7. O-O O-O 8. e5
Nd7 9. Re1 b5 10. Nf1 a5 11. h4 b4 12. Bf4 a4 13. N1h2 a3 14. b3 Ba6 15. Bh3
Rc8 16. Ng5 Nd4 17. Nhf3 Rc6 18. Nxd4 cxd4 19. Rc1 Qb6 20. Qd2 Rfc8 21. Bg4 Rc3
22. Nf3 Qc5 23. Bg5 Bxg5 24. Nxg5 Nf8 25. Qf4 Qa7 26. h5 Rxc2 27. Rxc2 Rxc2 28.
Nf3 h6 29. Nxd4 Rc3 30. Be2 Nd7 31. Bg4 Qb6 32. Ne2 Rc2 33. Rc1 Rxc1+ 34. Nxc1
Qc5 35. d4 Qc2 36. Qe3 Nb8 37. Kg2 Nc6 38. Be2 Bxe2 39. Nxe2 Qxa2 40. Qc1 Ne7
41. Nf4 Qxb3 42. Qc7 Nf5 43. Qd8+ Kh7 44. Qe8 Qc2 45. Qxf7 Ne3+ 46. Kh2 a2 0-1

[Event "Regency Masters"]
[Site "Ramsgate"]
[Date "1982.12.10"]
[Round "7.15"]
[White "Plaskett, H James"]
[Black "Grzesik, Thomas"]
[Result "1-0"]
[WhiteElo "2430"]
[BlackElo "2330"]
[PlyCount "61"]
[EventDate "1982.12.04"]
[EventType "swiss"]
[EventRounds "9"]
[EventCountry "ENG"]
[SourceTitle "BritBase"]
[Source "John Saunders"]
[SourceDate "2021.10.06"]
[SourceVersion "1"]
[SourceVersionDate "2021.10.06"]
[SourceQuality "1"]

1. d4 Nf6 2. c4 c5 3. d5 e6 4. Nc3 exd5 5. cxd5 d6 6. e4 g6 7. f4 Bg7 8. Bb5+
Nfd7 9. a4 O-O 10. Nf3 a6 11. Be2 Re8 12. O-O Nf8 13. h3 Nbd7 14. Bd3 Rb8 15.
a5 b5 16. axb6 Rxb6 17. Nd2 Bd4+ 18. Kh1 Nf6 19. Qf3 Nh5 20. g4 Ng7 21. Nc4 Rb4
22. f5 gxf5 23. gxf5 Rxc4 24. Bxc4 Qh4 25. Bf4 Nd7 26. Bxa6 Bxa6 27. Rxa6 Nf6
28. Rxd6 Ngh5 29. Bh2 Nxe4 30. Nxe4 Rxe4 31. f6 1-0

[Event "Regency Masters"]
[Site "Ramsgate"]
[Date "1982.12.10"]
[Round "7.16"]
[White "Binham, Timothy F"]
[Black "Law, Andrew P"]
[Result "1-0"]
[WhiteElo "2345"]
[BlackElo "2365"]
[PlyCount "82"]
[EventDate "1982.12.04"]
[EventType "swiss"]
[EventRounds "9"]
[EventCountry "ENG"]
[SourceTitle "BritBase"]
[Source "John Saunders"]
[SourceDate "2021.10.06"]
[SourceVersion "1"]
[SourceVersionDate "2021.10.06"]
[SourceQuality "1"]

1. d4 Nf6 2. Nf3 c5 3. d5 g6 4. Nc3 Bg7 5. e4 O-O 6. Be2 d6 7. O-O Na6 8. Re1
Nc7 9. a4 b6 10. Bf4 Bb7 11. Qd2 Qd7 12. Bh6 Rad8 13. Bc4 e5 14. Bg5 a6 15. Qd3
h6 16. Bxf6 Bxf6 17. Rab1 {('Rb1' bulletin)} Bg7 18. b4 Bc8 19. bxc5 bxc5 20.
Rb6 f5 21. Nh4 Kh7 22. f4 fxe4 23. Nxe4 Qg4 24. Nxd6 Qxh4 25. g3 Qh5 26. Nxc8
Rxc8 27. fxe5 Rf5 28. d6 Na8 29. Rxa6 Rxe5 30. Rxe5 {('Rxc5' bulletin)} Qxe5
31. d7 Qd4+ 32. Kg2 Qxd3 33. Bxd3 Rd8 34. Bxg6+ Kg8 {('Kh8' bulletin)} 35. Rc6
Kf8 36. Bf5 Ke7 37. a5 Rf8 38. Rc8 Rd8 39. Rxc5 Bd4 40. Rc6 h5 41. c3 Bf6 1-0

[Event "Regency Masters"]
[Site "Ramsgate"]
[Date "1982.12.10"]
[Round "7.17"]
[White "Hanreck, Alan E"]
[Black "Segal, Alexandru Sorin"]
[Result "1/2-1/2"]
[WhiteElo "2290"]
[BlackElo "2385"]
[PlyCount "45"]
[EventDate "1982.12.04"]
[EventType "swiss"]
[EventRounds "9"]
[EventCountry "ENG"]
[SourceTitle "BritBase"]
[Source "John Saunders"]
[SourceDate "2021.10.06"]
[SourceVersion "1"]
[SourceVersionDate "2021.10.06"]
[SourceQuality "1"]

1. c4 Nf6 2. Nc3 c5 3. Nf3 e6 4. g3 b6 5. Bg2 Bb7 6. O-O Be7 7. d4 cxd4 8. Qxd4
d6 9. b3 a6 10. Ba3 Nc6 11. Qd2 d5 12. Bxe7 Nxe7 13. cxd5 Nexd5 14. Nxd5 Bxd5
15. Qb4 Nd7 16. e4 Bb7 17. Rfd1 Qe7 18. Qd4 e5 19. Qe3 O-O 20. Rd2 Nc5 21. Nh4
g6 22. b4 Na4 23. a3 1/2-1/2

[Event "Regency Masters"]
[Site "Ramsgate"]
[Date "1982.12.11"]
[Round "8.1"]
[White "Nunn, John DM"]
[Black "Kurajica, Bojan"]
[Result "1/2-1/2"]
[WhiteElo "2565"]
[BlackElo "2545"]
[PlyCount "37"]
[EventDate "1982.12.04"]
[EventType "swiss"]
[EventRounds "9"]
[EventCountry "ENG"]
[SourceTitle "BritBase"]
[Source "John Saunders"]
[SourceDate "2021.10.06"]
[SourceVersion "1"]
[SourceVersionDate "2021.10.06"]
[SourceQuality "1"]

1. e4 e5 2. Bc4 Nf6 3. d3 Nc6 4. Nf3 Be7 5. O-O O-O 6. Bb3 d6 7. c3 h6 8. Nbd2
Na5 9. Bc2 c5 10. a3 Nc6 11. b4 a6 12. Bb2 b5 13. Re1 Be6 14. d4 cxd4 15. cxd4
exd4 16. Nxd4 Nxd4 17. Bxd4 Nd7 18. Bb3 Bf6 19. Bxf6 1/2-1/2

[Event "Regency Masters"]
[Site "Ramsgate"]
[Date "1982.12.11"]
[Round "8.2"]
[White "Kosten, Anthony C"]
[Black "Hebden, Mark L"]
[Result "0-1"]
[WhiteElo "2340"]
[BlackElo "2415"]
[PlyCount "58"]
[EventDate "1982.12.04"]
[EventType "swiss"]
[EventRounds "9"]
[EventCountry "ENG"]
[SourceTitle "BritBase"]
[Source "John Saunders"]
[SourceDate "2021.10.06"]
[SourceVersion "1"]
[SourceVersionDate "2021.10.06"]
[SourceQuality "1"]

1. e4 e5 2. Nf3 Nc6 3. Bb5 a6 4. Ba4 Nf6 5. O-O Be7 6. Re1 b5 7. Bb3 O-O 8. c3
d5 9. exd5 Nxd5 10. Nxe5 Nxe5 11. Rxe5 c6 12. d4 Bd6 13. Re1 Qh4 14. g3 Qh3 15.
Be3 Bg4 16. Qd3 Rae8 17. Nd2 f5 18. Qf1 Qh5 19. f4 Kh8 20. Bxd5 cxd5 21. Qg2
Re4 22. a4 bxa4 23. Rxa4 g5 24. Nxe4 fxe4 25. Rxa6 gxf4 26. Rxd6 fxe3 27. Rxe3
Bh3 28. g4 Qxg4 {(0-1, Timman,J (2605)-Nunn,J (2570), Skittles Game for Dutch
Radio, Wijk aan Zee 1983 and also 0-1, Ady,J (2260)-Hebden,M, Lewisham 1984)}
29. Rg3 Qd1+ 0-1

[Event "Regency Masters"]
[Site "Ramsgate"]
[Date "1982.12.11"]
[Round "8.4"]
[White "Flear, Glenn C"]
[Black "Kuijf, Marinus"]
[Result "0-1"]
[WhiteElo "2365"]
[BlackElo "2370"]
[PlyCount "81"]
[EventDate "1982.12.04"]
[EventType "swiss"]
[EventRounds "9"]
[EventCountry "ENG"]
[SourceTitle "BritBase"]
[Source "John Saunders"]
[SourceDate "2021.10.06"]
[SourceVersion "1"]
[SourceVersionDate "2021.10.06"]
[SourceQuality "1"]

1. d4 d5 2. c4 e6 3. Nc3 Nf6 4. cxd5 exd5 5. Bg5 c6 6. e3 Bf5 7. Qf3 Bg6 8.
Bxf6 gxf6 9. Qd1 Nd7 10. Qd2 f5 11. Bd3 Nf6 12. Qc2 Ne4 13. Nge2 Qh4 14. Nf4
Bd6 15. g3 Qe7 16. Nce2 Bb4+ 17. Kf1 a5 18. Kg2 O-O 19. h4 h5 20. a3 Bd6 21. f3
Kh7 22. Rae1 Qd7 23. fxe4 (23. g4 $5) 23... fxe4 24. Nxg6 fxg6 25. Bxe4 dxe4
26. Qxe4 Rae8 27. Qd3 Qe6 28. Nf4 Bxf4 29. gxf4 Rf5 30. Kf2 Rb5 31. Re2 a4 32.
Qb1 Rb3 33. Qe1 Qf5 34. Qc1 Re4 35. Rg1 Qh3 36. Rh1 Rxf4+ 37. exf4 Rf3+ 38. Ke1
Qxh1+ 39. Kd2 Qxc1+ 40. Kxc1 Rxf4 41. Re7+ 0-1

[Event "Regency Masters"]
[Site "Ramsgate"]
[Date "1982.12.11"]
[Round "8.5"]
[White "Prie, Eric"]
[Black "Hartoch, Robert G"]
[Result "0-1"]
[WhiteElo "2205"]
[BlackElo "2390"]
[PlyCount "94"]
[EventDate "1982.12.04"]
[EventType "swiss"]
[EventRounds "9"]
[EventCountry "ENG"]
[SourceTitle "BritBase"]
[Source "John Saunders"]
[SourceDate "2021.10.06"]
[SourceVersion "1"]
[SourceVersionDate "2021.10.06"]
[SourceQuality "1"]

1. Nf3 g6 2. c4 Bg7 3. Nc3 e5 4. g3 Nc6 5. Bg2 d6 6. O-O Nge7 7. Rb1 O-O 8. b4
Bf5 9. d3 Qd7 10. Nd5 Nxd5 11. cxd5 Ne7 12. Qc2 Rfc8 13. Bg5 c6 14. dxc6 Nxc6
15. Qd2 Be6 16. Rfc1 d5 17. b5 Ne7 18. Qa5 b6 19. Qa6 Rxc1+ 20. Bxc1 f6 21. d4
e4 22. Ne1 Rc8 23. e3 Nf5 24. Bf1 Bf8 25. Bd2 Nd6 26. Bb4 Rc7 27. Qa4 a5 28.
Ba3 Qc8 29. Qd1 Nc4 30. Bxf8 Kxf8 31. Be2 Na3 32. Ra1 Kg7 33. h4 Rc3 34. Qd2 g5
35. hxg5 fxg5 {('hxg5' bulletin)} 36. Qb2 Kg6 37. Bd1 Qc4 38. Be2 Qb4 39. Qd2
Rc7 40. Qxb4 axb4 41. f4 h6 42. Rd1 Bd7 43. Kf2 Bxb5 44. Bxb5 Nxb5 45. Rb1 Rc4
46. Rb2 Nc3 47. Rd2 Kf5 0-1

[Event "Regency Masters"]
[Site "Ramsgate"]
[Date "1982.12.11"]
[Round "8.7"]
[White "Short, Nigel D"]
[Black "Grooten, Herman"]
[Result "0-1"]
[WhiteElo "2485"]
[BlackElo "2305"]
[PlyCount "46"]
[EventDate "1982.12.04"]
[EventType "swiss"]
[EventRounds "9"]
[EventCountry "ENG"]
[SourceTitle "BritBase"]
[Source "John Saunders"]
[SourceDate "2021.10.06"]
[SourceVersion "1"]
[SourceVersionDate "2021.10.06"]
[SourceQuality "1"]

1. e4 c5 2. Nf3 d6 3. d4 cxd4 4. Nxd4 Nf6 5. Nc3 a6 6. f4 Nbd7 7. Be3 e5 8. Nf5
Qc7 9. fxe5 Nxe5 10. Bd3 Bxf5 11. exf5 d5 12. Qe2 O-O-O 13. O-O Neg4 14. Bf4
Bd6 15. g3 Bxf4 16. Rxf4 Qb6+ 17. Kh1 Qxb2 18. Rb1 Qxc3 19. Bxa6 Rhe8 20. Bxb7+
Kc7 21. Qf1 Qd2 22. Qg1 d4 23. Bf3 Nf2+ 0-1

[Event "Regency Masters"]
[Site "Ramsgate"]
[Date "1982.12.11"]
[Round "8.8"]
[White "Britton, Richard"]
[Black "Stehouwer, Coen"]
[Result "1-0"]
[WhiteElo "2320"]
[BlackElo "2270"]
[PlyCount "77"]
[EventDate "1982.12.04"]
[EventType "swiss"]
[EventRounds "9"]
[EventCountry "ENG"]
[SourceTitle "BritBase"]
[Source "John Saunders"]
[SourceDate "2021.10.06"]
[SourceVersion "1"]
[SourceVersionDate "2021.10.06"]
[SourceQuality "1"]

1. e4 d5 2. exd5 Qxd5 3. Nc3 Qa5 4. d4 Nf6 5. Nf3 c6 6. Bc4 Bf5 7. Bd2 e6 8.
Qe2 Bb4 9. Ne5 Nbd7 10. O-O-O Nxe5 11. dxe5 Nd5 12. g4 Bg6 13. Bxd5 cxd5 14. a3
Bxc3 15. Bxc3 Qc7 16. Bb4 Rc8 17. Bc3 h5 18. h4 Qc4 19. Qxc4 Rxc4 20. gxh5 Rxh5
21. Rd4 Rxd4 22. Bxd4 Bf5 23. Rg1 Rxh4 24. Bxa7 Bg6 25. Rg3 Rc4 26. c3 Rh4 27.
b4 b5 28. Rg1 Re4 29. Bd4 Kf8 30. Rh1 Kg8 31. Kd2 Rf4 $2 (31... f6 $1) 32. a4
$1 f6 33. exf6 bxa4 34. fxg7 Bh7 35. Ra1 Rf5 36. f4 Rxf4 37. Rxa4 Rxd4+ 38.
cxd4 Kxg7 39. Ra7+ 1-0

[Event "Regency Masters"]
[Site "Ramsgate"]
[Date "1982.12.11"]
[Round "8.9"]
[White "Manouck, Thierry"]
[Black "Binham, Timothy F"]
[Result "0-1"]
[WhiteElo "2385"]
[BlackElo "2345"]
[PlyCount "82"]
[EventDate "1982.12.04"]
[EventType "swiss"]
[EventRounds "9"]
[EventCountry "ENG"]
[SourceTitle "BritBase"]
[Source "John Saunders"]
[SourceDate "2021.10.06"]
[SourceVersion "1"]
[SourceVersionDate "2021.10.06"]
[SourceQuality "1"]

1. c4 e5 2. g3 c6 3. d4 exd4 4. Qxd4 d5 5. cxd5 cxd5 6. Bg2 Nf6 7. Nf3 Nc6 8.
Qd1 Be7 9. O-O O-O 10. Be3 Ne4 11. Nbd2 Bf6 12. Qb3 Nxd2 13. Bxd2 Re8 14. e3 d4
15. exd4 Be6 16. Qxb7 Bd5 17. Qa6 Bxf3 18. Bxf3 Nxd4 19. Bd1 Re6 20. Qd3 Rd6
21. Bb4 Rd5 22. Bf3 Rb8 23. Rae1 Rf5 24. Kg2 Rxf3 25. Qe4 {('Qe7' bulletin)} g6
26. Bc3 Rf5 27. Rd1 Rd5 28. Rd3 Rb6 29. Rfd1 {('Rd1' bulletin)} Rbd6 {('Rd6'
bulletin)} 30. f4 Rd7 31. Kf1 R5d6 32. a4 Nf5 33. Rxd6 Rxd6 34. Rxd6 Qxd6 35.
Qa8+ Kg7 36. Qxa7 Qd3+ 37. Kf2 Qc2+ 38. Kf1 Qd1+ 39. Kg2 Qc2+ 40. Kh3 Bxc3 41.
bxc3 Qd1 0-1

[Event "Regency Masters"]
[Site "Ramsgate"]
[Date "1982.12.11"]
[Round "8.11"]
[White "De Boer, Gert Jan"]
[Black "Upton, Timothy J"]
[Result "0-1"]
[WhiteElo "2235"]
[BlackElo "2295"]
[PlyCount "70"]
[EventDate "1982.12.04"]
[EventType "swiss"]
[EventRounds "9"]
[EventCountry "ENG"]
[SourceTitle "BritBase"]
[Source "John Saunders"]
[SourceDate "2021.10.06"]
[SourceVersion "1"]
[SourceVersionDate "2021.10.06"]
[SourceQuality "1"]

1. d4 d5 2. c4 e6 3. Nf3 Nf6 4. Nc3 Be7 5. Bg5 O-O 6. e3 h6 7. Bxf6 Bxf6 8. Qd2
b6 9. O-O-O Bb7 10. cxd5 exd5 11. g4 c5 12. h4 Be7 13. Be2 cxd4 14. Qxd4 Bf6
15. Qa4 {('Qa3' bulletin)} Ba6 16. Nb5 Nc6 17. g5 Nb4 18. Qb3 Rc8+ 19. Kb1 Qe7
20. Nd2 Be5 21. Rc1 h5 22. a3 Nc6 23. Bxh5 Na5 24. Qa4 Rxc1+ 25. Rxc1 Qd7 26.
Nc3 Qf5+ 27. Ka2 Qxf2 28. Qd1 Nc4 29. Nxc4 Bxc4+ 30. Kb1 Qxe3 31. g6 Qd3+ 32.
Qxd3 Bxd3+ 33. Ka2 fxg6 34. Bg4 Bc4+ 35. Ka1 Rf2 {The rest of the score makes
no sense. It is 36 bxc3 Ra2+ 37 bxc3 Ra2 38 Kb1 Rxa3 39 Re1 Kf7 40 Ra1 b5 0-1}
({Perhaps something like the line given in this note happened...} 35... Rf2 36.
Rd1 Bxc3 37. bxc3 Ra2+ 38. Kb1 Rxa3 39. Re1 Kf7 {, etc.}) 0-1

[Event "Regency Masters"]
[Site "Ramsgate"]
[Date "1982.12.11"]
[Round "8.15"]
[White "Forintos, Gyozo Victor"]
[Black "Pagden, Michael Ashley"]
[Result "1-0"]
[WhiteElo "2410"]
[BlackElo "2300"]
[PlyCount "65"]
[EventDate "1982.12.04"]
[EventType "swiss"]
[EventRounds "9"]
[EventCountry "ENG"]
[SourceTitle "BritBase"]
[Source "John Saunders"]
[SourceDate "2021.10.06"]
[SourceVersion "1"]
[SourceVersionDate "2021.10.06"]
[SourceQuality "1"]

1. d4 Nf6 2. c4 g6 3. Nc3 Bg7 4. e4 d6 5. Nge2 O-O 6. Ng3 e5 7. d5 c6 8. Be2
cxd5 9. cxd5 Nbd7 10. O-O Ne8 11. Be3 f5 12. exf5 gxf5 13. Nh5 Bh8 14. f4 Ndf6
15. Nxf6+ Bxf6 16. Qd2 Kh8 17. Kh1 Bg7 18. Bd3 Bd7 19. a4 Qh4 20. Rf2 Qe7 21.
Rff1 {('Rf1' bulletin)} Qh4 22. Bb5 Bxb5 23. axb5 Nf6 24. fxe5 dxe5 25. Qf2
Qxf2 26. Bxf2 b6 27. Bh4 Nd7 28. Be7 Rf7 29. d6 Bf8 30. Nd5 Bxe7 31. dxe7 Nf6
32. Rxf5 Kg7 33. Raf1 1-0

[Event "Regency Masters"]
[Site "Ramsgate"]
[Date "1982.12.11"]
[Round "8.20"]
[White "Casa, Alex"]
[Black "Arkell, Keith C"]
[Result "0-1"]
[WhiteElo "2230"]
[BlackElo "2270"]
[PlyCount "33"]
[EventDate "1982.12.04"]
[EventType "swiss"]
[EventRounds "9"]
[EventCountry "ENG"]
[SourceTitle "BritBase"]
[Source "John Saunders"]
[SourceDate "2021.10.06"]
[SourceVersion "1"]
[SourceVersionDate "2021.10.06"]
[SourceQuality "1"]

1. e4 c6 2. d4 d5 3. e5 Bf5 4. Nc3 e6 5. g4 Bg6 6. Nge2 h6 7. h4 c5 8. Nf4 Bh7
9. dxc5 Bxc5 10. Nh5 Nc6 11. Nxg7+ Kf8 12. Nh5 d4 13. Ne2 Nb4 14. Nef4 Nxc2+
15. Ke2 Nxa1 16. Nd3 Qd5 17. Rh3 0-1

[Event "Regency Masters"]
[Site "Ramsgate"]
[Date "1982.12.12"]
[Round "9.1"]
[White "Van Mil, Johan"]
[Black "Hebden, Mark L"]
[Result "0-1"]
[WhiteElo "2315"]
[BlackElo "2415"]
[PlyCount "112"]
[EventDate "1982.12.04"]
[EventType "swiss"]
[EventRounds "9"]
[EventCountry "ENG"]
[SourceTitle "BritBase"]
[Source "John Saunders"]
[SourceDate "2021.10.06"]
[SourceVersion "1"]
[SourceVersionDate "2021.10.06"]
[SourceQuality "1"]

1. e4 e5 2. Nf3 Nc6 3. Bc4 Nf6 4. d3 Be7 5. Bb3 d6 6. c3 O-O 7. O-O Nd7 8. Nbd2
Nc5 9. Bc2 f5 10. exf5 Bxf5 11. d4 Bxc2 12. Qxc2 exd4 13. cxd4 Ne6 14. Re1 Nf4
15. d5 Ne5 16. Qe4 Nfd3 17. Nxe5 Nxe5 18. f4 Ng6 19. Nf3 Bf6 20. Bd2 Kh8 21. g3
Qd7 22. Nd4 Bxd4+ 23. Qxd4 Qg4 24. Qe4 Nh4 {('Nh5' bulletin)} 25. Re3 h5 $2 26.
Rf1 (26. h3 $1 $16) 26... Nf5 27. Ree1 h4 $6 28. Qf3 Qxf3 29. Rxf3 hxg3 30.
hxg3 Rae8 31. Kf2 (31. Rc3) 31... Rxe1 32. Bxe1 {('Kxe1' bulletin but it must
be wrong as otherwise the later 35 Kf3 and 44 Bh4 moves would be impossible -
JS)} Ne7 33. Rd3 Rf5 34. Re3 Rf7 35. Kf3 Nxd5 36. Re8+ Kh7 37. Ra8 a6 {('c6'
bulletin but it also gives 38 Ra7 and not 38 Rxa7)} 38. Ra7 c6 39. Ra8 Rd7 40.
g4 Rf7 41. f5 g6 42. Rd8 $2 (42. Bg3 $11) 42... gxf5 43. g5 Kg6 44. Bh4 f4 $1
45. Rxd6+ Kf5 46. Rd8 Nc7 47. Rd6 Ne6 48. g6 Rg7 49. b4 Rxg6 50. Rd7 Rg7 51.
Rd1 Rh7 52. Bf2 Ng5+ 53. Kg2 f3+ 54. Kg1 Nh3+ 55. Kf1 Nf4 56. Ke1 Rh1+ 0-1